Pasos a seguir para el ejercicio metodológico en el diagnóstico de agroecosistemas como base para el estudio de la biodiversidad (Registro nro. 6053)
[ vista simple ]
| 000 -CABECERA | |
|---|---|
| Campo de control | 01222nam a2200169 a 4500 |
| 090 ## - CLASIFICACIÓN LOCAL | |
| Colección | IAVH |
| Consecutivo | 00765 CD-1 |
| 041 ## - IDIOMA | |
| Código de idioma para texto/pista de sonido o título separado | Español |
| 100 ## - ASIENTO PRINCIPAL--NOMBRE PERSONAL | |
| Nombre personal | Bustamante Zamudio, Clarita |
| 245 ## - MENCION DE TITULO | |
| Título | Pasos a seguir para el ejercicio metodológico en el diagnóstico de agroecosistemas como base para el estudio de la biodiversidad |
| 260 ## - PUBLICACION, DISTRIBUCION, ETC. (PIE DE IMPRENTA) | |
| Lugar de publicación, distribución, etc. | Bogotá |
| Nombre del editor, distribuidor, etc. | Instituto Alexander von Humboldt |
| Fecha de publicación, distribución, etc. | 2004 |
| 300 ## - DESCRIPCION FISICA | |
| Extensión | 118 p. |
| 520 ## - NOTA DE RESUMEN, ETC. | |
| Nota de resumen | El diagnóstico de agroecosistemas se constituye en un espacio para la confluencia tanto de diferentes disciplinas académicas que contribuyen a hacer operativo el enfoque en sistemas de aplicacion práctica como en los resultados obtenidos en el Proyecto Biodiversidad y Desarrollo en Ecorregiones Estratégicas de Colombia, Orinoquía, en los temas de acción, manejo de ecosistemas, política intersectorial, inventarios de biodiversidad y conocimiento tradicional. Se hacen algunas sugerencias en aspectos relevantes del componente de Agroecosistemas en el Proyecto mencionado. |
| 650 ## - ASIENTO SECUNDARIO DE MATERIA - TERMINO TEMATICO | |
| Término temático o nombre geográfico como elemento de entrada | Biodiversidad |
| 650 ## - ASIENTO SECUNDARIO DE MATERIA - TERMINO TEMATICO | |
| Término temático o nombre geográfico como elemento de entrada | Conservación |
| 662 ## - ASIENTO SECUNDARIO DE MATERIA - JERARQUIA DEL NOMBRE DE LUGAR( | |
| País o entidad mayor | Colombia |
| Jurisdicción política intermedia | Orinoquia |
| 773 0# - Item fuente: | |
| Host Biblionumber | 5986 |
| Host Itemnumber | 9704 |
| Asiento principal | |
| Edición | |
| Lugar, editorial y fecha de publicación | Bogotá Informatica documental 2007 |
| Otro identificador del ítem - Codigo de Barras | 024802 |
| Título | Informes de investigaciones IAVH en PDF |
| Número de control del registro | |
| Número Internacional Normalizado para Publicaciones Seriadas - ISSN | |
| Número Internacional Normalizado para Libros - ISBN | |
No hay ítems disponibles.